| 000 | 00641nam a22001817a 4500 | ||
|---|---|---|---|
| 003 | BD-DhUL | ||
| 005 | 20160907154517.0 | ||
| 008 | 160907r1981 ii ||||| |||| 000 0 ben d | ||
| 040 |
_aBD-DhUL _cBD-DhUL |
||
| 082 |
_a954.14 _bRAI |
||
| 100 | 1 | _a চন্দ, রমা প্রসাদ | |
| 245 | 1 | 0 |
_aইতিহাসে বাঙ্গালী / _cরমা প্রসাদ চন্দ |
| 260 |
_aকলিকাতা : _bকে.পি.বাগচী, _c১৯৮১. |
||
| 300 |
_a১৩১ পৃ. ; _c২২ সেমি. |
||
| 650 | 0 | _aবাংলা- ইতিহাস | |
| 650 | 0 | _aBanlga -History | |
| 942 |
_2ddc _cBK |
||
| 999 |
_c104664 _d104664 |
||